Rodová segregácia na trhu práce v SR
Základné legislatívne dokumenty v oblasti rovnosti mužov a žien v Slovenskej republike. Pojmy a príčiny rodových mzdových rozdielov. Rodová segregácia na trhu práce. Zosúlaďovanie pracovného a súkromného života zamestnancov. Zamestnanosť žien v Slovenskej republike. Analýza zamestnanosti v Slovenske...
Guardado en:
| Autor principal: | |
|---|---|
| Formato: | Capítulo de libro |
| Lenguaje: | eslovaco |
| Materias: | |
| Etiquetas: |
Sin Etiquetas, Sea el primero en etiquetar este registro!
|
MARC
| LEADER | 00000nla$a2200000$$$4500 | ||
|---|---|---|---|
| 001 | 0146875 | ||
| 005 | 20240502083339.5 | ||
| 041 | 0 | |a slo | |
| 044 | |a CZ | ||
| 245 | 1 | 0 | |a Rodová segregácia na trhu práce v SR |c Stanislava Veselovská |
| 520 | |a Základné legislatívne dokumenty v oblasti rovnosti mužov a žien v Slovenskej republike. Pojmy a príčiny rodových mzdových rozdielov. Rodová segregácia na trhu práce. Zosúlaďovanie pracovného a súkromného života zamestnancov. Zamestnanosť žien v Slovenskej republike. Analýza zamestnanosti v Slovenskej republike. Podiel priemernej nominálnej mesačnej mzdy ženy na mzde muža. | ||
| 610 | 2 | 0 | |a trh práce |
| 610 | 2 | 0 | |a zamestnanosť |
| 610 | 2 | 0 | |a nerovnosť rodová |
| 610 | 2 | 0 | |a ženy |
| 610 | 2 | 0 | |a muži |
| 610 | 2 | 0 | |a odmeňovanie |
| 610 | 2 | 0 | |a mzdy |
| 610 | 2 | 0 | |a legislatíva |
| 610 | 2 | 0 | |a Slovensko |
| 100 | 1 | |a Veselovská, Stanislava, 1957- | |